লোডিং...

Agro processing and value addition for entrepreneurship development

গ্রন্থ-পঞ্জীর বিবরন
প্রধান লেখক: Shukadev Mangaraj
প্রকাশিত: Satish serial pub. 2014
LEADER 00236 a2200085 4500
100 |a Shukadev Mangaraj 
245 |a Agro processing and value addition for entrepreneurship development 
260 |c 2014  |b Satish serial pub. 
942 |c BK  |6 _ 
999 |c 70869  |d 70869